000 00729cam a2200229 4500500
005 20260329005645.0
041 _afre
042 _adc
100 1 0 _aLegros, Martin
_eauthor
245 0 0 _aDavid Abram : “C’est en vibrant dans notre corps animal que nous pouvons nous réaccorder avec le monde plus qu’humain”
260 _c2024.
500 _a81
690 _aChamane
690 _aDavid Abram
690 _aÉcologie
690 _aécoute
690 _aMagie
690 _aPolitique
690 _aVivant
786 0 _nPhilosophie magazine | 181 | 6 | 2024-07-01 | p. 33-47 | 1951-1787
856 4 1 _uhttps://shs.cairn.info/magazine-philosophie-magazine-2024-6-page-33?lang=fr&redirect-ssocas=7080
999 _c1845327
_d1845327